01090nam a2200181Ia 45000010005000000080041000050200018000462450064000642600060001283000020001885200500002085460012007086500020007206500046007409420007007869990015007939520100008086548260430s9999 xx 000 0 und d a9781781575925 0aCreative Photography: bThe Professional Edge/ cDan M. Lee aLondon; bIlex Press (Octopus Publishing Group); c2019 a176p; c24x23cm aA practical guide for professional and aspiring photographers focused on developing creative techniques and competitive visual styles. The book presents actionable ideas—such as experimenting with new perspectives, using emerging tools like drones, and refining workflows—to help photographers produce standout portfolio images and attract clients. It also includes interviews and insights from industry professionals to contextualize creative practice within real-world photography careers. aEnglish aTechnique98531 aTR624-835 Technology- Applied Photography cBK c6548d6548 001040708TaSAFL bPHGALd2026-04-27l0oTR624-835 201.159p6548r2026-04-30w2026-04-30yBK